You Know You're Right - Nirvana (All lyrics) - Statistics

General Stats
  • This quiz has been taken 120 times
  • The average score is 102 of 158
Answer Stats
Hint Answer % Correct
Verse 1 I
100%
You
100%
A
93%
Will
92%
Never
90%
To
85%
Bother
83%
Your
81%
Know
80%
Rightx16
80%
Rightx3
80%
Away
76%
From
76%
Her
75%
Be
71%
Follow
71%
Have
71%
You're
71%
Here
69%
No
68%
Promise
68%
Again
64%
For
64%
So
63%
Word
63%
Afraid
61%
Speak
61%
Fear
59%
Move
59%
Good
58%
It
58%
Of
58%
Won't
58%
Crawl
56%
Fail
56%
Chorus Hey
56%
Failed
54%
Things
54%
This
54%
Been
53%
Come
53%
Into
49%
Swell
49%
Knew
47%
Was
47%
Always
46%
Put
46%
Though
46%
Would
46%
Hide
44%
Inside
41%
She
41%
And
39%
Longer
37%
Love
37%
Nothing
34%
Rights
34%
Just
32%
Really
32%
Wants
32%
Warm
32%
Bothers
31%
About
29%
Calm
29%
Someone
29%
Talk
29%
Else
27%
Verse 2 I'm
27%
Let's
27%
Thought
25%
Soup
24%
It'd
22%
Steaming
22%
Melt
20%
Begins
19%
Himself
12%
No matching quizzes found
Score Distribution
Percent of People with Each Score
Percentile by Number Answered
Your Score History
You have not taken this quiz